书目信息 |
| 题名: |
英语口语另类用法手册
|
|
| 作者: | 徐蔚 编著 | |
| 分册: | ||
| 出版信息: | 北京 国防工业出版社 2006.08 |
|
| 页数: | 450页 | |
| 开本: | 20cm | |
| 丛书名: | ||
| 单 册: | ||
| 中图分类: | H319.9-62 | |
| 科图分类: | ||
| 主题词: | 英语--ying yu--口语--手册 | |
| 电子资源: | ||
| ISBN: | 7-118-04629-9 | |
| 000 | 00812nam0 2200217 450 | |
| 001 | 012007639883 | |
| 005 | 20070926164848.06 | |
| 010 | @a7-118-04629-9@dCNY28.00 | |
| 100 | @a20070711d2006 km y0chiy0120 ea | |
| 101 | 0 | @achi@aeng |
| 102 | @aCN@b110000 | |
| 105 | @ay z 000yy | |
| 200 | 1 | @a英语口语另类用法手册@Aying yu kou yu ling lei yong fa shou ce@f徐蔚编著@Fxu wei bian zhu |
| 210 | @a北京@c国防工业出版社@d2006.08 | |
| 215 | @a450页@d20cm | |
| 330 | @a本书是英语口语另类用法手册。本书汇集了各类的英语的口语体用法,以专题形式就系列生活俚语、俗语、惯用法提供了丰富的实例,使读者在轻松愉悦的情景中,便可掌握大量的英语口语的各种充满生活气息的用法。 | |
| 606 | 0 | @a英语@Aying yu@x口语@j手册 |
| 690 | @aH319.9-62@v4 | |
| 701 | 0 | @a徐蔚@Axu wei@4编著 |
| 801 | 0 | @aCN@c20070926 |
| 905 | @dH319.9-62@eX813 | |
| 英语口语另类用法手册/徐蔚编著.-北京:国防工业出版社,2006.08 |
| 450页;20cm |
| ISBN 7-118-04629-9:CNY28.00 |
| 本书是英语口语另类用法手册。本书汇集了各类的英语的口语体用法,以专题形式就系列生活俚语、俗语、惯用法提供了丰富的实例,使读者在轻松愉悦的情景中,便可掌握大量的英语口语的各种充满生活气息的用法。 |
| ● |
| 相关链接 |
|
|
|
正题名:英语口语另类用法手册
索取号:H319.9-62/X813
 
预约/预借
| 序号 | 登录号 | 条形码 | 馆藏地/架位号 | 状态 | 备注 |
| 1 | 244905 | 202449056 | 语言库209/209语言库 115排2列5层/ [索取号:H319.9-62/X813] | 在馆 | |
| 2 | 244906 | 202449065 | 语言库209/209语言库 115排2列5层/ [索取号:H319.9-62/X813] | 在馆 | |
| 3 | 244907 | 202449074 | 语言库209/209语言库 115排2列5层/ [索取号:H319.9-62/X813] | 在馆 |